000 00862nam a22002657a 4500
001 BR7701203
003 BR-BrBNA
005 20230928085210.0
007 ta
008 230509b bl.||||| |||| 00| 0 por d
040 _aBR-BrBNA
_bpor
_cBiblioteca Nacional de Agricultura
041 _a(Por)
072 _aD50; C00
_b/G514
090 _ D50 BR7701203
110 1 _aAssociacao de Assistencia Tecnica e Extensao Rural do Estado de Rondonia, Porto Velho (Brasil)
_9405
245 1 _aRegulamento geral da ASTER-RO [Associacao de Assistencia Tecnica e Extensao Rural do Territorio Federal de Rondonia, Brasil]
260 3 _aPorto Velho, RO (Brasil):
_c1977.
300 _a31 p.
650 _aREGULAMENTACAO
650 _aASSISTENCIA TECNICA
650 _aEXTENSAO RURAL
650 _aREGIAO NORTE
909 _a202309
_bLucia
_c55
_dLucia Elande
942 _cBK
999 _c23244
_d23244